00312cam a22000977a 4500008004000000082001700040245006800057260006000125300001100185700001800196180718b1983 xxu||||| |||| 00| 0 eng d aG2x5453 P886 aTwenty five years of Kerala legislaturecedited by R. Prasannan aTrivandrumbSecretariat of the Kerala Legislaturec1983 a312+p. aPrasannan, R.